000
00312cam a2200133ua 4500
041
_a
eng
_h
082
_a
823.308
_b
100
_a
Kingsley, Charles .
245
_a
Heroces /
_c
Kingsley.
_h
Textual Documents
260
_a
London :
_b
Deut sond ,
_c
1963.
300
_a
225 ; .
504
_a
999
_c
11666
_d
11666